Прикладная небесная механика и управление движением: Труды 5 обьединенных научных чтений по космонавтике, посвященных памяти выдающихся советских ученых-пионеров освоения космического пространства (Москва, 2 февр-6 февр. 1981 г.)

Dades bibliogràfiques
Autor corporatiu: Академия наук СССР (АН СССР) Комиссия по разработке научного наследия пионеров освоения космического пространства (570), Прикладная небесная механика и управление движением
Idioma:rus
Publicat: Москва, [Б. и.], 1981
Matèries:
Format: MixedMaterials Llibre
KOHA link:https://koha.lib.tpu.ru/cgi-bin/koha/opac-detail.pl?biblionumber=316706

MARC

LEADER 00000nam0a2200000 4500
001 316706
005 20231102002912.0
020 |a RU  |b 82-48434 
035 |a (RuTPU)RU\TPU\book\342174 
090 |a 316706 
100 |a 20160328d1981 km y0rusy5003 ca 
101 0 |a rus 
102 |a RU 
105 |a a z 101zy 
200 1 |a Прикладная небесная механика и управление движением  |e Труды 5 обьединенных научных чтений по космонавтике, посвященных памяти выдающихся советских ученых-пионеров освоения космического пространства (Москва, 2 февр-6 февр. 1981 г.)  
210 |a Москва  |c [Б. и.]  |d 1981 
215 |a 160 с.  |c ил. 
320 |a Библиогр. в конце докл. 
606 1 |a Небесная механика  |2 stltpush  |3 (RuTPU)RU\TPU\subj\71691  |9 85480 
606 1 |a Космонавтика  |2 stltpush  |3 (RuTPU)RU\TPU\subj\15890  |9 42093 
610 1 |a искусственные спутники 
610 1 |a математические методы 
610 1 |a прикладная механика 
610 1 |a спутники связи 
610 1 |a геостационарные спутники 
610 1 |a системы ориентации 
610 1 |a вращающиеся летательные аппараты 
610 1 |a резонансная авторотация 
610 1 |a теория Колмогорова-Арнольда-Мозера 
610 1 |a применение 
610 1 |a центр масс 
610 1 |a инерциальные системы 
610 1 |a навигационные системы 
610 1 |a научные чтения 
675 |a 629.78.05(063)  |z rus 
675 |a 521.1(063)  |v 3 
712 0 2 |a Академия наук СССР (АН СССР)  |b Комиссия по разработке научного наследия пионеров освоения космического пространства  |c (Ленинград/Москва)  |c (1925-1991)  |2 stltpush  |3 (RuTPU)RU\TPU\col\722 
712 1 2 |a Прикладная небесная механика и управление движением  |c научные чтения  |d 5  |e Москва  |f 1981  |4 570 
801 0 |a RU  |b RuMRKP  |c 19950704  |g psbo 
801 1 |a RU  |b 63413507  |c 20160328 
801 2 |a RU  |b 63413507  |c 20191204  |g RCR 
942 |c BK